000 00995nam a2200301 a 4500
001 70801
003 BD-RjUL
005 20211209082036.0
008 170419s1981 nyua b 001 0 eng
020 _a0070651760
035 _a(BD-RjUL)71015
040 _aDLC
_cDLC
_dDLC
_dBD-RjUL
_beng
041 _aeng
082 0 0 _a660.28422
_223
_bTRM 1981
100 1 _aTreybal, Robert Ewald,
_d1915-
_9209556
245 1 0 _aMass-transfer operations /
_cRobert E. Treybal.
250 _a3d ed.
250 _aInternational Student Edition
260 _aNew York :
_bMcGraw-Hill,
_cc1980.
300 _axiv, 784 p. :
_bill. ;
_c25 cm.
490 0 _aMcGraw-Hill chemical engineering series
504 _aIncludes bibliographical references and index.
650 0 _aChemical engineering.
_9209557
650 0 _aMass transfer.
_9159950
830 _aMcGraw-Hill chemical engineering series
_9235918
856 4 1 _3Table of contents
_uhttp://www.loc.gov/catdir/toc/mh021/78027876.html
942 _2ddc
_cBK
999 _c70801
_d70801